00430 a2200121 4500001001000000005001700010008004100027245009900068100003100167700003200198700003500230773004300265ART_1095120260410161624.0260409a 10aReferencias a cuestiones ambientales en las Normas Internacionales de Información Financiera1 aGarcía Fronti, Inés M.1 aD´Onofrio, Paula Alejandra1 aPanario Centeno, María Marta0 tEnfoquesg- Nº 12 (dic. 2012)wREV416